000 00626nam a2200181 a 4500
001 000033866
005 20200930070601.0
008 110914s2008 br ac 000 0 spa d
020 _a9788576171478
040 _aDO-SdBNP
_bspa
_cBNPHU
100 1 _aBasthi, Angélica
_959291
245 1 0 _aPelé :
_bestrela negra em campos verdes /
_cAngélica Basthi.
260 _aRio de Janeiro :
_bGaramond :
_bMinistério da Cultura, Fundação Biblioteca Nacional,
_c2008.
300 _a195p. :
_bil., retrs. ;
_c23 cm.
490 1 _aPersonalidades negras
504 _aBibliografía : p. 175-195
830 0 _aPersonalidades negras
_959292
999 _c33357
_d33357